[Event "IX IBCA World Team Ch. for the Blind an"]
[Site "Ohrid, North Macedonia"]
[Date "2022.07.07"]
[Round "1.3"]
[White "Marimuthu, K."]
[Black "Szilagyi, Samuel Attila"]
[Result "1/2-1/2"]
[WhiteElo "1626"]
[BlackElo "1935"]
[PlyCount "36"]
[EventDate "2022.07.07"]
[EventType "team"]
[EventRounds "1"]
[EventCountry "MKD"]
[WhiteTeam "India"]
[BlackTeam "Hungary"]
[WhiteTeamCountry "IND"]
[BlackTeamCountry "HUN"]

1. d4 Nf6 2. c4 g6 3. f3 Bg7 4. e4 d6 5. Ne2 O-O 6. Be3 Nc6 7. Nec3 e5 8. d5
Ne7 9. Qd2 Nd7 10. g4 f5 11. gxf5 gxf5 12. Bg5 f4 13. Na3 a6 14. Qf2 Qe8 15.
Rg1 Ng6 16. O-O-O Kh8 17. Kb1 Nf6 18. Bd3 Bh3 1/2-1/2

[Event "IX IBCA World Team Ch. for the Blind an"]
[Site "Ohrid, North Macedonia"]
[Date "2022.07.07"]
[Round "1.4"]
[White "Vilics, Hanna"]
[Black "Swapanil, Shah"]
[Result "1/2-1/2"]
[WhiteElo "1663"]
[BlackElo "1652"]
[PlyCount "37"]
[EventDate "2022.07.07"]
[EventType "team"]
[EventRounds "1"]
[EventCountry "MKD"]
[WhiteTeam "Hungary"]
[BlackTeam "India"]
[WhiteTeamCountry "HUN"]
[BlackTeamCountry "IND"]

1. d4 d5 2. Nf3 Nf6 3. g3 c6 4. Bg2 Bf5 5. O-O h6 6. c4 e6 7. b3 Be7 8. Bb2
Nbd7 9. Nc3 O-O 10. Re1 Ne4 11. Nd2 Nxc3 12. Bxc3 Nf6 13. e4 dxe4 14. Nxe4 Nxe4
15. Bxe4 Bxe4 16. Rxe4 Bf6 17. Qe1 Re8 18. Rd1 Qd7 19. Qe2 1/2-1/2

[Event "IX IBCA World Team Ch. for the Blind an"]
[Site "Ohrid, North Macedonia"]
[Date "2022.07.07"]
[Round "1.1"]
[White "Pribeanu, Mihail-Dacian"]
[Black "Streltsov, Alexey"]
[Result "1/2-1/2"]
[WhiteElo "2175"]
[BlackElo "2229"]
[PlyCount "47"]
[EventDate "2022.07.07"]
[EventType "team"]
[EventRounds "1"]
[EventCountry "MKD"]
[WhiteTeam "Romania"]
[BlackTeam "Israel"]
[WhiteTeamCountry "ROU"]
[BlackTeamCountry "ISR"]

1. e4 e5 2. Nf3 Nc6 3. Bb5 a6 4. Ba4 Nf6 5. d3 b5 6. Bb3 Bc5 7. O-O d6 8. a3
Bg4 9. Ba2 Nd4 10. Nbd2 Nd7 11. h3 h5 12. c3 Ne6 13. Bxe6 fxe6 14. Nb3 Qf6 15.
Be3 Bxf3 16. Qxf3 Qxf3 17. gxf3 O-O 18. Kg2 Rf7 19. a4 Raf8 20. axb5 axb5 21.
Bxc5 Nxc5 22. Nxc5 dxc5 23. Ra5 c6 24. Ra6 1/2-1/2

[Event "IX IBCA World Team Ch. for the Blind an"]
[Site "Ohrid, North Macedonia"]
[Date "2022.07.07"]
[Round "1.2"]
[White "Radovilsky, Yan"]
[Black "Bratu, Gheorghe"]
[Result "1-0"]
[WhiteElo "2094"]
[BlackElo "1702"]
[PlyCount "105"]
[EventDate "2022.07.07"]
[EventType "team"]
[EventRounds "1"]
[EventCountry "MKD"]
[WhiteTeam "Israel"]
[BlackTeam "Romania"]
[WhiteTeamCountry "ISR"]
[BlackTeamCountry "ROU"]

1. c4 c6 2. d4 d5 3. cxd5 cxd5 4. Nc3 Nf6 5. Bf4 a6 6. e3 Nc6 7. Bd3 g6 8. Qc2
Bg7 9. a3 O-O 10. Nf3 Be6 11. O-O Rc8 12. Rfc1 Qd7 13. Ne5 Nxe5 14. Bxe5 Rfd8
15. Qb3 Ne8 16. Bg3 Bf5 17. Bxf5 gxf5 18. Na4 Rxc1+ 19. Rxc1 Rc8 20. Rxc8 Qxc8
21. Nc5 Nf6 22. Qxb7 Qxb7 23. Nxb7 Nd7 24. Bc7 Kf8 25. b4 Ke8 26. Kf1 Bf8 27.
Ke2 e6 28. Kd3 Nf6 29. f3 Kd7 30. Be5 Ne8 31. Nc5+ Bxc5 32. dxc5 Kc6 33. Kc3 f6
34. Bg3 Kb5 35. Bh4 a5 36. Kb3 axb4 37. axb4 e5 38. h3 h6 39. Kc3 Ka4 40. g4
fxg4 41. hxg4 Nc7 42. Bxf6 Nb5+ 43. Kd3 Kxb4 44. Bxe5 Kxc5 45. f4 Kc6 46. f5
Kd7 47. Bf4 h5 48. gxh5 Ke7 49. Be5 Kf7 50. h6 Kg8 51. f6 Na7 52. f7+ Kxf7 53.
h7 1-0

[Event "IX IBCA World Team Ch. for the Blind an"]
[Site "Ohrid, North Macedonia"]
[Date "2022.07.07"]
[Round "1.3"]
[White "Dima, Mihai"]
[Black "Akman, Adi"]
[Result "0-1"]
[WhiteElo "1981"]
[BlackElo "2002"]
[PlyCount "86"]
[EventDate "2022.07.07"]
[EventType "team"]
[EventRounds "1"]
[EventCountry "MKD"]
[WhiteTeam "Romania"]
[BlackTeam "Israel"]
[WhiteTeamCountry "ROU"]
[BlackTeamCountry "ISR"]

1. e4 e5 2. Nf3 Nc6 3. Bc4 Nf6 4. d4 exd4 5. e5 d5 6. Bb5 Ne4 7. Nxd4 Bc5 8.
Be3 Bd7 9. Bxc6 bxc6 10. O-O O-O 11. f3 Ng5 12. Kh1 Bb6 13. Qd2 Ne6 14. Nxe6
Bxe6 15. Bxb6 axb6 16. Nc3 d4 17. Ne4 Qd5 18. Qg5 f6 19. exf6 Qxg5 20. Nxg5
Rxf6 21. a3 Bf5 22. Rad1 c5 23. Ne4 Re6 24. Rfe1 Rae8 25. Kg1 Bxe4 26. Rxe4
Rxe4 27. fxe4 Rxe4 28. Kf2 Kf7 29. Kf3 Re5 30. Rd3 Ke6 31. a4 Kd5 32. Ra3 c4
33. a5 b5 34. b4 c5 35. bxc5 Kxc5 36. a6 Re8 37. a7 Ra8 38. Ke4 Kb4 39. Ra6 Kc3
40. Ra3+ Kxc2 41. Kxd4 b4 42. Rf3 c3 43. Rf7 Kb2 0-1

[Event "IX IBCA World Team Ch. for the Blind an"]
[Site "Ohrid, North Macedonia"]
[Date "2022.07.07"]
[Round "1.4"]
[White "Agmon, Yonatan"]
[Black "Strete, Ciprian-Iulian"]
[Result "1/2-1/2"]
[WhiteElo "1697"]
[BlackElo "1763"]
[PlyCount "82"]
[EventDate "2022.07.07"]
[EventType "team"]
[EventRounds "1"]
[EventCountry "MKD"]
[WhiteTeam "Israel"]
[BlackTeam "Romania"]
[WhiteTeamCountry "ISR"]
[BlackTeamCountry "ROU"]

1. c4 c5 2. Nf3 Nc6 3. g3 g6 4. Bg2 Bg7 5. O-O e5 6. d3 Nge7 7. Nc3 O-O 8. Qc2
d5 9. Nxd5 Nxd5 10. cxd5 Qxd5 11. Ng5 Nd4 12. Qd1 Qd6 13. Ne4 Qb6 14. e3 Ne6
15. Qc2 Bd7 16. Nc3 Rac8 17. Bd2 Bc6 18. Nd5 Qd8 19. Qb3 b6 20. Rac1 Qd7 21.
Bc3 Rfd8 22. e4 Nc7 23. Bh3 Ne6 24. Bg2 Bxd5 25. exd5 Nc7 26. Rfe1 Nxd5 27.
Bxe5 Bxe5 28. Rxe5 Nb4 29. d4 Qxd4 30. Re7 Qf6 31. Rxa7 Rd2 32. Rf1 Rcd8 33. a3
Rxb2 34. Rxf7 Rxb3 35. Rxf6 Rxa3 36. Rxb6 Rc3 37. Rb7 Nd3 38. Ra1 Rc1+ 39. Rxc1
Nxc1 40. Rc7 Nd3 41. Bf1 h5 1/2-1/2

[Event "IX IBCA World Team Ch. for the Blind an"]
[Site "Ohrid, North Macedonia"]
[Date "2022.07.07"]
[Round "1.1"]
[White "Nizam, Rasim"]
[Black "Thevenet, Yann"]
[Result "1-0"]
[WhiteElo "2168"]
[BlackElo "1983"]
[PlyCount "67"]
[EventDate "2022.07.07"]
[EventType "team"]
[EventRounds "1"]
[EventCountry "MKD"]
[WhiteTeam "Bulgaria"]
[BlackTeam "France"]
[WhiteTeamCountry "BUL"]
[BlackTeamCountry "FRA"]

1. e4 e5 2. Nf3 Nc6 3. Bb5 f5 4. d3 fxe4 5. dxe4 Nf6 6. O-O Bc5 7. Qd3 d6 8.
Qc4 Bd7 9. Nc3 Qe7 10. Nd5 Nxd5 11. exd5 Nd4 12. Bxd7+ Qxd7 13. Nxe5 Qf5 14.
Nd3 b5 15. Re1+ Kf7 16. Qc3 Rae8 17. Be3 Qxd5 18. Nxc5 dxc5 19. Bxd4 Qxd4 20.
Qf3+ Qf6 21. Qb3+ Re6 22. Re3 c4 23. Qxb5 Rxe3 24. fxe3 Qe6 25. Qc5 Re8 26.
Qxc7+ Re7 27. Qf4+ Kg8 28. Qb8+ Kf7 29. Rf1+ Kg6 30. Qg3+ Kh6 31. Rf3 g5 32. h4
Qd5 33. hxg5+ Kg7 34. Qf4 1-0

[Event "IX IBCA World Team Ch. for the Blind an"]
[Site "Ohrid, North Macedonia"]
[Date "2022.07.07"]
[Round "1.2"]
[White "Deville, Olivier"]
[Black "Ivanov, Ljubomir"]
[Result "0-1"]
[WhiteElo "1752"]
[BlackElo "1792"]
[PlyCount "40"]
[EventDate "2022.07.07"]
[EventType "team"]
[EventRounds "1"]
[EventCountry "MKD"]
[WhiteTeam "France"]
[BlackTeam "Bulgaria"]
[WhiteTeamCountry "FRA"]
[BlackTeamCountry "BUL"]

1. d4 Nf6 2. c4 e6 3. Nf3 d5 4. g3 Be7 5. Bg2 O-O 6. O-O dxc4 7. Ne5 Nbd7 8.
Nxc4 Nb6 9. Na5 Rb8 10. Nc3 Bb4 11. Nb3 Bxc3 12. bxc3 Nc4 13. Qd3 b5 14. Nd2
Nxd2 15. Bxd2 Bb7 16. e4 h6 17. Bf4 Qd7 18. Rfd1 Rfd8 19. Qe3 Qc6 20. Be5 Nxe4
0-1

[Event "IX IBCA World Team Ch. for the Blind an"]
[Site "Ohrid, North Macedonia"]
[Date "2022.07.07"]
[Round "1.3"]
[White "Georgiev, Todor St."]
[Black "Ambrosino, Theo"]
[Result "1-0"]
[WhiteElo "1795"]
[BlackElo "1628"]
[PlyCount "65"]
[EventDate "2022.07.07"]
[EventType "team"]
[EventRounds "1"]
[EventCountry "MKD"]
[WhiteTeam "Bulgaria"]
[BlackTeam "France"]
[WhiteTeamCountry "BUL"]
[BlackTeamCountry "FRA"]

1. d4 d5 2. Nf3 Nf6 3. c4 e6 4. Bg5 h6 5. Bh4 Bb4+ 6. Nc3 c5 7. e3 cxd4 8. exd4
Qa5 9. Bxf6 Bxc3+ 10. bxc3 Qxc3+ 11. Nd2 gxf6 12. cxd5 exd5 13. Rc1 Qxc1 14.
Qxc1 O-O 15. f3 Re8+ 16. Kf2 Bf5 17. Bb5 Rc8 18. Qa3 a6 19. Bd3 Bxd3 20. Qxd3
Nc6 21. Rc1 Kg7 22. Nb3 Nb4 23. Qd2 Nc6 24. Nc5 Rc7 25. Nxb7 Rxb7 26. Rxc6 Rab8
27. Qf4 Rb2+ 28. Kg3 Rg8 29. Kh3 Kh7 30. Qxf6 Rg6 31. Qxf7+ Rg7 32. Qf5+ Kh8
33. Rc8+ 1-0

[Event "IX IBCA World Team Ch. for the Blind an"]
[Site "Ohrid, North Macedonia"]
[Date "2022.07.07"]
[Round "1.4"]
[White "Meyer, Eric"]
[Black "Patev, Petko"]
[Result "1/2-1/2"]
[WhiteElo "1625"]
[BlackElo "1792"]
[PlyCount "69"]
[EventDate "2022.07.07"]
[EventType "team"]
[EventRounds "1"]
[EventCountry "MKD"]
[WhiteTeam "France"]
[BlackTeam "Bulgaria"]
[WhiteTeamCountry "FRA"]
[BlackTeamCountry "BUL"]

1. d4 d5 2. Bf4 Nf6 3. e3 e6 4. Nd2 c5 5. c3 Be7 6. Bd3 Nc6 7. Ngf3 O-O 8. Ne5
Qb6 9. Rb1 Rd8 10. O-O Nxe5 11. dxe5 Nd7 12. Nf3 Nf8 13. Qe2 Bd7 14. Rfd1 h6
15. h4 a5 16. b3 Qc6 17. c4 dxc4 18. bxc4 Be8 19. h5 Rab8 20. g4 b6 21. Kg2 Qb7
22. Kg3 Bc6 23. Nd2 Rd7 24. Bc2 Rbd8 25. Nb3 Qa8 26. Rxd7 Rxd7 27. Nd2 Qd8 28.
Rd1 Qa8 29. Nb1 Rxd1 30. Qxd1 Be4 31. Nc3 Bxc2 32. Qxc2 Qc6 33. f3 Nd7 34. Nb5
Nf8 35. Kf2 1/2-1/2

[Event "IX IBCA World Team Ch. for the Blind an"]
[Site "Ohrid, North Macedonia"]
[Date "2022.07.07"]
[Round "1.1"]
[White "Turicnik, Vlado"]
[Black "Selkovski, Zarko"]
[Result "1-0"]
[WhiteElo "1961"]
[BlackElo "1967"]
[PlyCount "65"]
[EventDate "2022.07.07"]
[EventType "team"]
[EventRounds "1"]
[EventCountry "MKD"]
[WhiteTeam "Slovenia"]
[BlackTeam "North Macedonia"]
[WhiteTeamCountry "SLO"]

1. e4 c5 2. Nc3 e6 3. f4 a6 4. Nf3 d6 5. d3 b5 6. g3 Bb7 7. Bg2 g6 8. O-O Bg7
9. f5 e5 10. Be3 Nf6 11. Qd2 Nbd7 12. h3 b4 13. Ne2 gxf5 14. Nh4 fxe4 15. Nf5
Bf8 16. Bh6 e3 17. Qxe3 Bxg2 18. Kxg2 Qb6 19. Bxf8 Rxf8 20. Ng7+ Kd8 21. Qg5 d5
22. Rf2 a5 23. Raf1 Ra6 24. g4 Kc7 25. Ng3 Qc6 26. N3h5 Nxh5 27. Qxh5 Qg6 28.
Rxf7 Rxf7 29. Rxf7 a4 30. Qxe5+ Kc6 31. Qe8 Ra7 32. Nf5 Qg5 33. Qe6+ 1-0

[Event "IX IBCA World Team Ch. for the Blind an"]
[Site "Ohrid, North Macedonia"]
[Date "2022.07.07"]
[Round "1.2"]
[White "Capanov, Mile"]
[Black "Znuderl, Matej"]
[Result "1/2-1/2"]
[WhiteElo "1951"]
[BlackElo "1879"]
[PlyCount "94"]
[EventDate "2022.07.07"]
[EventType "team"]
[EventRounds "1"]
[EventCountry "MKD"]
[WhiteTeam "North Macedonia"]
[BlackTeam "Slovenia"]
[BlackTeamCountry "SLO"]

1. e4 c5 2. c3 Nf6 3. e5 Nd5 4. d4 d6 5. Bc4 Nb6 6. Bb3 Nc6 7. Nf3 dxe5 8. Nxe5
Nxe5 9. dxe5 Qxd1+ 10. Bxd1 e6 11. Na3 a6 12. O-O Be7 13. f4 O-O 14. Bf3 Rb8
15. Be3 Nd5 16. Bxd5 exd5 17. Rad1 d4 18. cxd4 cxd4 19. Bxd4 Bg4 20. Rc1 b5 21.
Bc5 Bxc5+ 22. Rxc5 Rfd8 23. h3 Bf5 24. Nc2 Rd2 25. Ne3 Be4 26. Rf2 Rxf2 27.
Kxf2 Kf8 28. Rc7 Ke8 29. f5 Rd8 30. Ke2 a5 31. g4 a4 32. e6 fxe6 33. fxe6 Rd6
34. Nf5 Bxf5 35. gxf5 g6 36. Rxh7 gxf5 37. Rb7 Rxe6+ 38. Kf3 Re5 39. h4 Kf8 40.
h5 Kg8 41. h6 Rd5 42. a3 Rd3+ 43. Kf4 Rb3 44. Rg7+ Kh8 45. Rg2 b4 46. axb4
Rxb4+ 47. Kxf5 Rb3 1/2-1/2

[Event "IX IBCA World Team Ch. for the Blind an"]
[Site "Ohrid, North Macedonia"]
[Date "2022.07.07"]
[Round "1.3"]
[White "Muri, Emil"]
[Black "Kostadinovski, Zoran"]
[Result "0-1"]
[WhiteElo "1782"]
[BlackElo "1913"]
[PlyCount "112"]
[EventDate "2022.07.07"]
[EventType "team"]
[EventRounds "1"]
[EventCountry "MKD"]
[WhiteTeam "Slovenia"]
[BlackTeam "North Macedonia"]
[WhiteTeamCountry "SLO"]

1. e4 c5 2. Nf3 a6 3. g3 d6 4. Bg2 Nc6 5. c3 Nf6 6. Qc2 e5 7. d3 Be7 8. O-O O-O
9. Nbd2 Ne8 10. Nc4 Be6 11. Ne3 Nc7 12. Re1 g6 13. Bd2 Bf6 14. Rad1 Bg7 15. Bc1
f5 16. c4 f4 17. Nd5 fxg3 18. fxg3 Bg4 19. Ng5 Nxd5 20. exd5 Nd4 21. Qd2 Bh6
22. Rf1 Bxd1 23. Rxd1 Bxg5 24. Qxg5 Ne2+ 25. Kh1 Nxc1 26. Qxc1 Kg7 27. Be4 Rf6
28. Kg2 Qe7 29. Qe3 Raf8 30. h4 Rf2+ 31. Qxf2 Rxf2+ 32. Kxf2 Qc7 33. a3 Qa5 34.
Ke2 Qa4 35. Rd2 b5 36. cxb5 axb5 37. Kf3 Qd4 38. Rc2 Kf6 39. Re2 h6 40. Rc2 g5
41. hxg5+ Kxg5 42. Re2 Kf6 43. Rc2 Qg1 44. Rg2 Qd1+ 45. Re2 Ke7 46. Bh7 Qh1+
47. Kf2 Qxd5 48. Be4 Qd4+ 49. Kf3 d5 50. Bh7 c4 51. dxc4 bxc4 52. Rh2 Qd1+ 53.
Kg2 e4 54. Rh4 Qd2+ 55. Kh3 e3 56. Rxh6 e2 0-1

[Event "IX IBCA World Team Ch. for the Blind an"]
[Site "Ohrid, North Macedonia"]
[Date "2022.07.07"]
[Round "1.4"]
[White "Atanasov, K.Sande"]
[Black "Stimec, Marjan"]
[Result "0-1"]
[WhiteElo "1853"]
[BlackElo "1787"]
[PlyCount "148"]
[EventDate "2022.07.07"]
[EventType "team"]
[EventRounds "1"]
[EventCountry "MKD"]
[WhiteTeam "North Macedonia"]
[BlackTeam "Slovenia"]
[BlackTeamCountry "SLO"]

1. e4 c5 2. Nf3 d6 3. d4 cxd4 4. Nxd4 a6 5. Nc3 Nf6 6. Be3 g6 7. Be2 Bg7 8. Qd2
h5 9. f3 Nbd7 10. O-O Qc7 11. Rfe1 Ne5 12. Nb3 Bd7 13. Rac1 b5 14. Bg5 Nc4 15.
Bxc4 Qxc4 16. Qd3 Be6 17. Ne2 O-O 18. Ned4 Rac8 19. Nxe6 Qxe6 20. c3 Rfe8 21.
Be3 Nd7 22. Bd4 Ne5 23. Bxe5 dxe5 24. Rcd1 Qb6+ 25. Qe3 Qc7 26. Rd5 e6 27. Rc5
Qd6 28. Rxc8 Rxc8 29. Qd2 Qb6+ 30. Qe3 Qc7 31. Rd1 Rd8 32. Rxd8+ Qxd8 33. Qd2
Qb6+ 34. Qf2 Qc7 35. Kf1 Bh6 36. Qc5 Qd8 37. Ke2 Qg5 38. g3 h4 39. Kf2 hxg3+
40. hxg3 Qd8 41. Ke2 Qd7 42. Qxe5 f5 43. Nd4 Kf7 44. exf5 gxf5 45. Kd3 Bg7 46.
Qf4 Kg8 47. Kc2 Qd5 48. a3 Be5 49. Qe3 Kf7 50. Ne2 Qd6 51. f4 Bf6 52. Nd4 Qd7
53. Nf3 Qb7 54. Ne5+ Kg7 55. Nf3 Qd7 56. Ne5 Qb7 57. Nf3 Qc6 58. Ne5 Qg2+ 59.
Kb1 Qh1+ 60. Ka2 Qd5+ 61. b3 Qg2+ 62. Kb1 Qb7 63. Nf3 Qd5 64. Kb2 Kh6 65. Kc2
a5 66. Nd4 Bxd4 67. cxd4 Kg6 68. Qd3 a4 69. bxa4 bxa4 70. Kd2 Qg2+ 71. Kc3 Qb7
72. Qc4 Qe4 73. Kb4 Qe1+ 74. Kxa4 Qxg3 0-1

[Event "IX IBCA World Team Ch. for the Blind an"]
[Site "Ohrid, North Macedonia"]
[Date "2022.07.07"]
[Round "1.1"]
[White "Cajzler, Hinko"]
[Black "Ymeri, Rinor"]
[Result "1-0"]
[WhiteElo "2081"]
[BlackElo "1603"]
[PlyCount "61"]
[EventDate "2022.07.07"]
[EventType "team"]
[EventRounds "1"]
[EventCountry "MKD"]
[WhiteTeam "Croatia"]
[BlackTeam "Kosovo"]
[WhiteTeamCountry "CRO"]
[BlackTeamCountry "KOS"]

1. e4 e6 2. d4 d5 3. Nc3 Bb4 4. e5 c5 5. a3 Bxc3+ 6. bxc3 cxd4 7. cxd4 Ne7 8.
Bd3 Nbc6 9. Nf3 h6 10. h4 Bd7 11. Bd2 Qc7 12. h5 Nf5 13. c3 Na5 14. g4 Ne7 15.
a4 Nc4 16. Qb3 Nxd2 17. Nxd2 Bc6 18. Rh3 Qb6 19. Qb4 Qxb4 20. cxb4 a6 21. Nb3
b6 22. Kd2 g6 23. a5 Bb5 24. axb6 Bxd3 25. Kxd3 Nc6 26. b5 Nb8 27. b7 Ra7 28.
Nc5 O-O 29. b6 Nc6 30. bxa7 Nxa7 31. Rxa6 1-0

[Event "IX IBCA World Team Ch. for the Blind an"]
[Site "Ohrid, North Macedonia"]
[Date "2022.07.07"]
[Round "1.2"]
[White "Berisha, Xhafer"]
[Black "Began, Branko"]
[Result "0-1"]
[WhiteElo "1440"]
[BlackElo "1824"]
[PlyCount "64"]
[EventDate "2022.07.07"]
[EventType "team"]
[EventRounds "1"]
[EventCountry "MKD"]
[WhiteTeam "Kosovo"]
[BlackTeam "Croatia"]
[WhiteTeamCountry "KOS"]
[BlackTeamCountry "CRO"]

1. d4 d5 2. c4 c6 3. Nc3 g6 4. cxd5 cxd5 5. Bf4 a6 6. Rc1 Nc6 7. Nf3 Bg7 8. e3
Nf6 9. h3 O-O 10. Be2 e6 11. O-O Bd7 12. Bg5 Qb6 13. a3 Qa5 14. Bd3 b5 15. Qb3
Rab8 16. Bf4 Rb7 17. Bd6 Rc8 18. a4 Ne8 19. Bc5 b4 20. e4 Rcb8 21. Na2 e5 22.
exd5 Nxd4 23. Bxd4 Bxa4 24. Qc4 Bb5 25. Qc5 Qxa2 26. Bxb5 Rxb5 27. Qe7 R5b7 28.
Qh4 exd4 29. Nxd4 Qxd5 30. Rfd1 Bxd4 31. Rxd4 Qe5 32. f3 Qe3+ 0-1

[Event "IX IBCA World Team Ch. for the Blind an"]
[Site "Ohrid, North Macedonia"]
[Date "2022.07.07"]
[Round "1.3"]
[White "Culjak, Miso"]
[Black "Kastrati, Shaip"]
[Result "1-0"]
[WhiteElo "1675"]
[BlackElo "1475"]
[PlyCount "25"]
[EventDate "2022.07.07"]
[EventType "team"]
[EventRounds "1"]
[EventCountry "MKD"]
[WhiteTeam "Croatia"]
[BlackTeam "Kosovo"]
[WhiteTeamCountry "CRO"]
[BlackTeamCountry "KOS"]

1. d4 d5 2. Nf3 Nf6 3. Bf4 Nc6 4. e3 a6 5. Be2 h6 6. Nbd2 Nh5 7. Bg3 Bf5 8. O-O
Nb4 9. Ne1 Nxg3 10. fxg3 e6 11. c4 Be7 12. cxd5 exd5 13. Rxf5 1-0

[Event "IX IBCA World Team Ch. for the Blind an"]
[Site "Ohrid, North Macedonia"]
[Date "2022.07.07"]
[Round "1.4"]
[White "Tishuki, Daut"]
[Black "Kljaic, Kresimir"]
[Result "1/2-1/2"]
[WhiteElo "1557"]
[BlackElo "1543"]
[PlyCount "72"]
[EventDate "2022.07.07"]
[EventType "team"]
[EventRounds "1"]
[EventCountry "MKD"]
[WhiteTeam "Kosovo"]
[BlackTeam "Croatia"]
[WhiteTeamCountry "KOS"]
[BlackTeamCountry "CRO"]

1. d4 e6 2. Nf3 f5 3. Ne5 d6 4. Nf3 Nf6 5. Bg5 Be7 6. e3 O-O 7. c4 Ne4 8. Bxe7
Qxe7 9. Nc3 Nxc3 10. bxc3 Nd7 11. Bd3 Nf6 12. O-O Ne4 13. Qc2 d5 14. cxd5 exd5
15. Bxe4 dxe4 16. Ne5 Be6 17. c4 c6 18. a4 a6 19. Rab1 Rab8 20. Rb2 Qe8 21. c5
Bd5 22. a5 f4 23. exf4 Rxf4 24. Qd2 Rf5 25. f4 exf3 26. Nxf3 Bxf3 27. Rxf3 Rxf3
28. gxf3 Qf7 29. Qd3 Rd8 30. Qb3 Rd7 31. Kf2 Qxb3 32. Rxb3 Kf7 33. Ke3 g5 34.
h3 Kf6 35. Kd3 Kf5 36. Kc4 Re7 1/2-1/2

[Event "IX IBCA World Team Ch. for the Blind an"]
[Site "Ohrid, North Macedonia"]
[Date "2022.07.06"]
[Round "1.1"]
[White "Tazbir, Marcin"]
[Black "Pulvett Marin, Daniel Eduardo"]
[Result "1/2-1/2"]
[WhiteElo "2506"]
[BlackElo "2523"]
[PlyCount "63"]
[EventDate "2022.07.06"]
[EventType "team"]
[EventRounds "1"]
[EventCountry "MKD"]
[WhiteTeam "Poland"]
[BlackTeam "Spain"]
[WhiteTeamCountry "POL"]
[BlackTeamCountry "ESP"]

1. e4 c5 2. Nf3 e6 3. d3 Nc6 4. g3 Nf6 5. Bg2 d6 6. O-O Be7 7. Re1 e5 8. c3 O-O
9. a3 h6 10. b4 a6 11. Bb2 b5 12. d4 exd4 13. cxd4 cxb4 14. d5 Na5 15. axb4 Nc4
16. Bc3 Bg4 17. Nbd2 Nxd2 18. Qxd2 Bxf3 19. Bxf3 Nd7 20. e5 Nxe5 21. Bxe5 dxe5
22. d6 Qxd6 23. Qxd6 Bxd6 24. Bxa8 Rxa8 25. Ra2 Bxb4 26. Rxe5 Rb8 27. Rxa6 Bc3
28. Rc5 b4 29. Rac6 Kh7 30. Rc8 Rb6 31. R5c6 Rb5 32. Rxc3 1/2-1/2

[Event "IX IBCA World Team Ch. for the Blind an"]
[Site "Ohrid, North Macedonia"]
[Date "2022.07.06"]
[Round "1.2"]
[White "Draghici Flutur, Gavril"]
[Black "Stachanczyk, Jacek"]
[Result "0-1"]
[WhiteElo "2100"]
[BlackElo "2194"]
[PlyCount "110"]
[EventDate "2022.07.06"]
[EventType "team"]
[EventRounds "1"]
[EventCountry "MKD"]
[WhiteTeam "Spain"]
[BlackTeam "Poland"]
[WhiteTeamCountry "ESP"]
[BlackTeamCountry "POL"]

1. e4 c5 2. Nc3 d6 3. f4 g6 4. Nf3 Bg7 5. Bc4 Nc6 6. O-O e6 7. d3 Nge7 8. f5 d5
9. Bb3 dxe4 10. f6 exf3 11. fxg7 Qd4+ 12. Rf2 Qxg7 13. Qxf3 f5 14. Qh3 h6 15.
Nb5 Kd8 16. c3 g5 17. Nd6 Kd7 18. Nxc8 Raxc8 19. Re2 e5 20. Be3 b6 21. d4 cxd4
22. cxd4 e4 23. Qg3 Rhd8 24. h4 Nxd4 25. Rd2 Ke8 26. Rad1 f4 27. Bxf4 Nef5 28.
Be5 Nxg3 29. Bxg7 Nxb3 30. Rxd8+ Rxd8 31. Rxd8+ Kxd8 32. axb3 gxh4 33. Bxh6 Kd7
34. Kf2 Ke6 35. Bf4 Nf5 36. Bb8 a6 37. Bc7 b5 38. Bf4 Kd5 39. Ke2 Nd4+ 40. Kd2
Nxb3+ 41. Ke3 Nd4 42. Bg5 Ke5 43. Kf2 Nf5 44. Bd8 Kd4 45. Ke2 e3 46. Bg5 Ke4
47. Bf6 a5 48. Ke1 Kd3 49. Bd8 a4 50. Bf6 e2 51. Be5 Ne3 52. Bc3 Nxg2+ 53. Kf2
e1=Q+ 54. Bxe1 Nxe1 55. Kxe1 b4 0-1

[Event "IX IBCA World Team Ch. for the Blind an"]
[Site "Ohrid, North Macedonia"]
[Date "2022.07.06"]
[Round "1.3"]
[White "Dukaczewski, Piotr"]
[Black "Vela Ignacio, Jose Manuel"]
[Result "1-0"]
[WhiteElo "2194"]
[BlackElo "2026"]
[PlyCount "73"]
[EventDate "2022.07.06"]
[EventType "team"]
[EventRounds "1"]
[EventCountry "MKD"]
[WhiteTeam "Poland"]
[BlackTeam "Spain"]
[WhiteTeamCountry "POL"]
[BlackTeamCountry "ESP"]

1. c4 c5 2. g3 Nc6 3. Bg2 Nf6 4. Nc3 g6 5. d3 Bg7 6. e3 e5 7. Nge2 d6 8. a3 Be6
9. Nd5 Bxd5 10. cxd5 Ne7 11. Nc3 Qd7 12. O-O O-O 13. e4 b5 14. h3 Rfc8 15. Be3
Ne8 16. f4 exf4 17. gxf4 b4 18. axb4 cxb4 19. Na4 f5 20. Qb3 Qb5 21. e5 Kh8 22.
d4 Rab8 23. Rfe1 Qc4 24. Qxc4 Rxc4 25. Bf2 Bf8 26. Re2 b3 27. Nc3 a5 28. Re3
Nc8 29. Rxa5 dxe5 30. dxe5 Bb4 31. Ra4 Rxc3 32. Rxb4 Rc1+ 33. Re1 Rxb4 34. Rxc1
Ncd6 35. Bc5 Rc4 36. Rxc4 Nxc4 37. d6 1-0

[Event "IX IBCA World Team Ch. for the Blind an"]
[Site "Ohrid, North Macedonia"]
[Date "2022.07.06"]
[Round "1.4"]
[White "Fernandez Manrique, Agustin"]
[Black "Suder, Ryszard"]
[Result "1-0"]
[WhiteElo "2022"]
[BlackElo "2084"]
[PlyCount "61"]
[EventDate "2022.07.06"]
[EventType "team"]
[EventRounds "1"]
[EventCountry "MKD"]
[WhiteTeam "Spain"]
[BlackTeam "Poland"]
[WhiteTeamCountry "ESP"]
[BlackTeamCountry "POL"]

1. c4 Nf6 2. g3 g6 3. Nc3 d5 4. cxd5 Nxd5 5. Bg2 Nxc3 6. bxc3 Bg7 7. Nf3 c5 8.
O-O Nc6 9. d4 O-O 10. d5 Na5 11. Bf4 Nc4 12. Qb3 Nd6 13. Rfe1 Qa5 14. c4 Bxa1
15. Rxa1 b5 16. Qe3 Qd8 17. cxb5 Bd7 18. a4 f6 19. Qxc5 Qb6 20. Qb4 Rfc8 21.
Be3 Qd8 22. Nd4 Rc4 23. Qb3 Qc7 24. Nc6 Kf8 25. Bh6+ Ke8 26. Bf4 Rc5 27. Qe3
Rxc6 28. dxc6 Bf5 29. Qb3 e6 30. e4 Bg4 31. h3 1-0

[Event "IX IBCA World Team Ch. for the Blind an"]
[Site "Ohrid, North Macedonia"]
[Date "2022.07.06"]
[Round "1.1"]
[White "Dimic, Pavle"]
[Black "Kolpakov, Vladyslav"]
[Result "1-0"]
[WhiteElo "2356"]
[BlackElo "2258"]
[PlyCount "105"]
[EventDate "2022.07.06"]
[EventType "team"]
[EventRounds "1"]
[EventCountry "MKD"]
[WhiteTeam "Serbia"]
[BlackTeam "Ukraine"]
[WhiteTeamCountry "SRB"]
[BlackTeamCountry "UKR"]

1. d4 Nf6 2. c4 g6 3. Nf3 Bg7 4. g3 O-O 5. Bg2 c5 6. O-O cxd4 7. Nxd4 Nc6 8.
Nc3 Qa5 9. Nb3 Qh5 10. e4 d6 11. f3 Bh3 12. Be3 Bxg2 13. Kxg2 Rfc8 14. Qe2 a5
15. g4 Qh4 16. Na4 Nd7 17. Rac1 Qf6 18. Rfd1 Rab8 19. g5 Qe6 20. Rd5 b6 21. Rb5
Na7 22. Nxb6 Nxb5 23. Nxc8 Nc3 24. Nxe7+ Qxe7 25. bxc3 f5 26. gxf6 Nxf6 27.
Nxa5 Qe8 28. Nb3 Ra8 29. Rd1 Nh5 30. Qd2 Be5 31. c5 dxc5 32. Nxc5 Ra3 33. Qd5+
Kh8 34. Ne6 Bf6 35. Bd4 Ra6 36. Nc7 Nf4+ 37. Kh1 Nxd5 38. Nxe8 Bxd4 39. exd5
Bxc3 40. d6 Ba5 41. d7 Bd8 42. Nd6 Kg7 43. Nb7 Ra8 44. Nxd8 Rxd8 45. Kg2 Kf6
46. Kg3 Kf5 47. a4 g5 48. a5 h5 49. h4 gxh4+ 50. Kxh4 Kf6 51. a6 Kf7 52. a7 Ke7
53. Kxh5 1-0